Statistics for 1. Croatian Football league 2013/2014

Click here to take the quiz!

General Stats

  • This quiz has been taken 238 times
  • The average score is 8 of 10

Answer Stats

Club% Correct
Dinamo Zagreb
100%
Hajduk Split
98%
Rijeka
96%
Osijek
91%
RNK Split
83%
Istra 1961
81%
Lokomotiva Zagreb
80%
Slaven Belupo
79%
Zadar
76%
Hrvatski Dragovoljac
42%

Score Distribution

Percentile by Number Answered

Percent of People with Each Score

Your Score History

You have not taken this quiz